[Event "RUS-chT U18"]
[Site "St Petersburg"]
[Date "2015.08.09"]
[Round "9.22"]
[White "Shilyaev, Fedor"]
[Black "Afanasiev, Nikita"]
[Result "1/2-1/2"]
[WhiteElo "2148"]
[BlackElo "2281"]
[PlyCount "81"]
[EventDate "2015.08.01"]
[EventType "team-swiss"]
[EventRounds "9"]
[EventCountry "RUS"]
[SourceTitle "CBM 167 Extra"]
[Source "ChessBase"]
[SourceDate "2015.09.14"]
[SourceVersion "1"]
[SourceVersionDate "2015.09.14"]
[SourceQuality "1"]
[WhiteTeam "Izhevsk MBOU"]
[BlackTeam "Perovo"]
[WhiteTeamCountry "RUS"]
[BlackTeamCountry "RUS"]

1. e4 Nf6 2. e5 Nd5 3. d4 d6 4. c4 Nb6 5. exd6 cxd6 6. h3 g6 7. Nf3 Bg7 8. Be3 0-0 9. Nc3 Nc6 10. Rc1 d5 11. b3 dxc4 12. bxc4 e5 13. d5 Na5 14. Nd2 e4 15. Be2 f5 16. 0-0 Nd7 17. f4 b6 18. Nb3 Nb7 19. Na4 Kh8 20. Qd2 Nf6 21. Rfd1 Bd7 22. Nc3 Rc8 23. Bd4 Ne8 24. Bxg7+ Kxg7 25. Qe3 Ned6 26. Nb5 Nxb5 27. cxb5 Qf6 28. Nd4 Rxc1 29. Rxc1 Rc8 30. Rxc8 Bxc8 31. Nc6 Nc5 32. Ne5 Qd6 33. Bc4 Nd7 34. Qd4 Qc5 35. Qxc5 bxc5 36. a4 Kf6 37. Nxd7+ Bxd7 38. a5 Ke7 39. b6 axb6 40. axb6 Kd6 41. Kf2 1/2-1/2

[Event "RUS-chT U20 active"]
[Site "Kolomna"]
[Date "2014.08.11"]
[Round "3"]
[White "Korchmar, Vasiliy"]
[Black "Shilyaev, Fedor"]
[Result "1-0"]
[WhiteElo "2352"]
[BlackElo "2022"]
[PlyCount "207"]
[EventDate "2014.08.11"]
[EventType "swiss"]
[EventRounds "9"]
[EventCountry "RUS"]
[SourceTitle "EXT 2016"]
[Source "ChessBase"]
[SourceDate "2015.10.08"]
[SourceVersion "1"]
[SourceVersionDate "2015.10.08"]
[SourceQuality "1"]

1. d4 Nf6 2. c4 g6 3. Nc3 Bg7 4. e4 d6 5. h3 c5 6. d5 0-0 7. Nf3 Na6 8. Bd3 e6 9. 0-0 exd5 10. cxd5 Nc7 11. a4 Re8 12. Bg5 a6 13. Qd2 Rb8 14. Rfe1 Bd7 15. a5 Qc8 16. Qf4 Nh5 17. Qxd6 Nb5 18. Nxb5 axb5 19. Rac1 c4 20. b3 Bxh3 21. Qh2 Bg4 22. bxc4 bxc4 23. Rxc4 Qd7 24. Qc7 Qxc7 25. Rxc7 Bxf3 26. gxf3 Be5 27. Re7 f6 28. Rxe8+ Rxe8 29. Bd2 Nf4 30. Bf1 h5 31. Rb1 Re7 32. Rb6 Rd7 33. Bxf4 Bxf4 34. Rxf6 g5 35. Bh3 Rd6 36. Be6+ Kh8 37. Rf8+ Kg7 38. Rf7+ Kg6 39. Rxb7 Ra6 40. Bf5+ Kf6 41. Rb6+ Rxb6 42. axb6 Bb8 43. Kf1 Ke5 44. Ke2 Kd4 45. b7 Ke5 46. Kd3 Kd6 47. Kc4 Ba7 48. Kb5 Bb8 49. Kb6 h4 50. Bh3 Ke7 51. Kc6 Bd6 52. Kb6 Bb8 53. Kc5 Bd6+ 54. Kd4 Kf6 55. Kc4 Ke7 56. Kb5 Bb8 57. Kb6 Kd6 58. Bg4 Ke7 59. Kc6 Bd6 60. Kb5 Bb8 61. Kc4 Kf6 62. d6 Bxd6 63. Kd5 Bb8 64. Bh3 Bf4 65. Kc6 Ke7 66. Kc5 Bb8 67. Kd4 Kf6 68. Ke3 Ba7+ 69. Ke2 Bb8 70. Kf1 Ke5 71. Kg2 Kf4 72. Bg4 Ke5 73. Kf1 Kf6 74. Ke2 Ke5 75. Kd3 Ba7 76. Kc4 Kd6 77. Kb5 Bb8 78. Kb6 Ke7 79. e5 Kd8 80. e6 Ke7 81. Kc6 Bf4 82. Kd5 Bb8 83. Ke4 Kf6 84. Kd5 Ke7 85. Bh3 Bf4 86. Ke4 Kf6 87. Kd4 Ke7 88. Kc5 Bb8 89. Kc6 Ke8 90. Kd5 Ke7 91. Ke4 Kf6 92. f4 Bxf4 93. Kf3 Bb8 94. Kg4 Bf4 95. Kh5 Bb8 96. Kh6 Bf4 97. Kh7 Be5 98. Kg8 Ke7 99. f3 Bb8 100. Kg7 Be5+ 101. Kg6 Bf4 102. Kf5 Bb8 103. Kxg5 Bg3 104. f4 1-0

[Event "RUS-chT U20"]
[Site "Kolomna"]
[Date "2014.08.08"]
[Round "7"]
[White "Shilyaev, Fedor"]
[Black "Klyuev, Alexander S"]
[Result "1/2-1/2"]
[WhiteElo "2022"]
[BlackElo "2284"]
[PlyCount "72"]
[EventDate "2014.08.02"]
[EventType "swiss"]
[EventRounds "9"]
[EventCountry "RUS"]
[SourceTitle "EXT 2016"]
[Source "ChessBase"]
[SourceDate "2015.10.08"]
[SourceVersion "1"]
[SourceVersionDate "2015.10.08"]
[SourceQuality "1"]

1. e4 c5 2. Nf3 d6 3. d4 cxd4 4. Nxd4 Nf6 5. Nc3 a6 6. Be3 e5 7. Nb3 Be6 8. Qd2 Nbd7 9. 0-0-0 b5 10. f4 Be7 11. f5 Bc4 12. g4 Nxg4 13. Rg1 h5 14. h3 Nxe3 15. Qxe3 Bxb3 16. axb3 Kf8 17. Be2 Nf6 18. Rg2 Rh7 19. Kb1 Rc8 20. Nd5 Nxd5 21. Rxd5 Qc7 22. Qd2 Qb6 23. b4 Rc6 24. Rg3 Bh4 25. Rc3 Ke7 26. Rxc6 Qxc6 27. Qe3 Rh8 28. Qa7+ Kf6 29. c4 bxc4 30. Bxc4 Ra8 31. Rxd6+ Qxd6 32. Qxa8 Qd1+ 33. Ka2 Qa4+ 34. Kb1 Qd1+ 35. Ka2 Qa4+ 36. Kb1 Qd1+ 1/2-1/2

[Event "RUS-chT U20"]
[Site "Kolomna"]
[Date "2014.08.02"]
[Round "1"]
[White "Kharitonov, Ivan"]
[Black "Shilyaev, Fedor"]
[Result "0-1"]
[WhiteElo "1818"]
[BlackElo "2022"]
[PlyCount "74"]
[EventDate "2014.08.02"]
[EventType "swiss"]
[EventRounds "9"]
[EventCountry "RUS"]
[SourceTitle "EXT 2016"]
[Source "ChessBase"]
[SourceDate "2015.10.08"]
[SourceVersion "1"]
[SourceVersionDate "2015.10.08"]
[SourceQuality "1"]

1. e4 c5 2. Nf3 Nc6 3. g3 g6 4. Bg2 Bg7 5. 0-0 d6 6. c3 Nf6 7. Re1 0-0 8. b3 e5 9. Bb2 Re8 10. d3 d5 11. Nbd2 h6 12. Nf1 Be6 13. Qe2 d4 14. c4 a6 15. Rec1 Nd7 16. N3d2 Rb8 17. f4 exf4 18. gxf4 Qh4 19. Qf2 Qxf2+ 20. Kxf2 Nb4 21. Ke2 g5 22. a3 Nc6 23. fxg5 hxg5 24. Ng3 Nde5 25. Rf1 Ng4 26. h3 Ne3 27. Rf2 Nxg2 28. Rxg2 Bxh3 29. Rh2 Bg4+ 30. Kf2 Ne5 31. Rb1 Nxd3+ 32. Kg1 Be5 33. Kg2 Bf4 34. Nf3 Bxf3+ 35. Kxf3 Bxg3 36. Kxg3 Rxe4 37. Rbh1 Rh4 0-1

[Event "Izhevsk Udmurtia-ch"]
[Site "Izhevsk"]
[Date "2011.12.10"]
[Round "11"]
[White "Ipatov, Alexander"]
[Black "Shilyaev, Fedor"]
[Result "1-0"]
[WhiteElo "2083"]
[BlackElo "1841"]
[PlyCount "109"]
[EventDate "2011.12.02"]
[EventType "swiss"]
[EventRounds "11"]
[EventCountry "RUS"]
[SourceTitle "CBM 146 Extra"]
[Source "ChessBase"]
[SourceDate "2012.02.29"]
[SourceVersion "1"]
[SourceVersionDate "2012.02.29"]
[SourceQuality "1"]

1. e4 e5 2. Nf3 Nc6 3. Bb5 a6 4. Ba4 Nf6 5. 0-0 Be7 6. Re1 b5 7. Bb3 0-0 8. c3 d6 9. h3 Na5 10. Bc2 c5 11. d4 Nd7 12. Nbd2 cxd4 13. cxd4 Nc6 14. Nf1 Nb4 15. Bb3 a5 16. a3 Na6 17. Bd5 Rb8 18. Be3 Bb7 19. dxe5 Nxe5 20. Ba7 Ra8 21. Bxb7 Rxa7 22. Bxa6 Rxa6 23. Nd4 Bf6 24. Nxb5 Qb6 25. Qe2 Ng6 26. a4 Nf4 27. Qd2 Ne6 28. Ne3 Bg5 29. Rad1 Rd8 30. Qc2 Qb7 31. Nc4 Be7 32. b3 d5 33. exd5 Rxd5 34. Rxd5 Qxd5 35. Rd1 Qg5 36. Ne3 Bc5 37. Rd5 Qe7 38. Nf5 Qf8 39. Qe2 Ra8 40. Nbd4 Nxd4 41. Nxd4 Rd8 42. Nc6 Rc8 43. Nxa5 Bb4 44. Qd1 Bxa5 45. Rxa5 h6 46. Rd5 Kh7 47. Qd2 Rb8 48. Rb5 Rd8 49. Qe2 Qa3 50. Qf3 Qc1+ 51. Kh2 Qc7+ 52. g3 Rd2 53. a5 f5 54. a6 f4 55. Rb7 1-0

[Event "Izhevsk Udmurtia-ch"]
[Site "Izhevsk"]
[Date "2011.12.07"]
[Round "8"]
[White "Novoselov, Alexander"]
[Black "Shilyaev, Fedor"]
[Result "1-0"]
[WhiteElo "2059"]
[BlackElo "1841"]
[PlyCount "103"]
[EventDate "2011.12.02"]
[EventType "swiss"]
[EventRounds "11"]
[EventCountry "RUS"]
[SourceTitle "CBM 146 Extra"]
[Source "ChessBase"]
[SourceDate "2012.02.29"]
[SourceVersion "1"]
[SourceVersionDate "2012.02.29"]
[SourceQuality "1"]

1. e4 e5 2. Nf3 Nc6 3. Bb5 a6 4. Ba4 Nf6 5. 0-0 Be7 6. Re1 b5 7. Bb3 0-0 8. c3 d6 9. h3 Na5 10. Bc2 c5 11. d4 Nd7 12. Nbd2 Bf6 13. d5 g6 14. b4 Nb7 15. a4 bxa4 16. Bxa4 Nb6 17. Bc6 cxb4 18. cxb4 Qc7 19. Qe2 Bd7 20. Bxd7 Qxd7 21. Rxa6 Rxa6 22. Qxa6 Qc7 23. Qd3 Rc8 24. Qb5 Bd8 25. Nb3 Kg7 26. Be3 Qc4 27. Qxc4 Rxc4 28. Bd2 f5 29. Na5 Nxa5 30. bxa5 Nc8 31. Rb1 f4 32. Rb7+ Kf6 33. Rxh7 Be7 34. h4 g5 35. hxg5+ Kg6 36. Rh6+ Kg7 37. Re6 Kf7 38. Nh4 Bxg5 39. Nf5 Rxe4 40. Nxd6+ Nxd6 41. Rxd6 Rd4 42. Bc3 Rd1+ 43. Kh2 e4 44. Re6 e3 45. fxe3 fxe3 46. a6 Rxd5 47. a7 Rd8 48. Ra6 Ra8 49. Kg3 Be7 50. Bd4 e2 51. Kf2 Bh4+ 52. Kxe2 1-0

[Event "Izhevsk Udmurtia-ch"]
[Site "Izhevsk"]
[Date "2011.12.05"]
[Round "5"]
[White "Shilyaev, Fedor"]
[Black "Valeev, Danil"]
[Result "1-0"]
[WhiteElo "1841"]
[BlackElo "2160"]
[PlyCount "83"]
[EventDate "2011.12.02"]
[EventType "swiss"]
[EventRounds "11"]
[EventCountry "RUS"]
[SourceTitle "CBM 146 Extra"]
[Source "ChessBase"]
[SourceDate "2012.02.29"]
[SourceVersion "1"]
[SourceVersionDate "2012.02.29"]
[SourceQuality "1"]

1. e4 d5 2. exd5 Nf6 3. Bb5+ Bd7 4. Bxd7+ Qxd7 5. Nf3 Nxd5 6. d4 Nc6 7. Qe2 Nf6 8. Be3 0-0-0 9. c4 e5 10. d5 Bb4+ 11. Nbd2 Nd4 12. Bxd4 exd4 13. 0-0 Qf5 14. Nxd4 Qf4 15. N2b3 Rhe8 16. Qf3 Qxf3 17. Nxf3 Re2 18. Rab1 b5 19. Nbd4 Re4 20. Nc6 Rxc4 21. Nxd8 Kxd8 22. Ne5 Re4 23. Nxf7+ Kd7 24. a3 Bd2 25. Rbd1 Re2 26. f4 Be3+ 27. Kh1 Ne4 28. Ne5+ Kd6 29. Nd3 Bd2 30. Rf3 Be3 31. h3 Bd4 32. Kh2 Kxd5 33. Nb4+ Kc5 34. Na6+ Kd5 35. Nxc7+ Kc6 36. Rxd4 Kxc7 37. b4 a6 38. Rfd3 h5 39. Rd7+ Kc6 40. Rxg7 h4 41. Rg6+ Kc7 42. Rh6 1-0

[Event "Izhevsk Udmurtia-ch"]
[Site "Izhevsk"]
[Date "2011.12.04"]
[Round "4"]
[White "Bazhenov, Viktor Mikhailovich"]
[Black "Shilyaev, Fedor"]
[Result "0-1"]
[WhiteElo "2060"]
[BlackElo "1841"]
[PlyCount "72"]
[EventDate "2011.12.02"]
[EventType "swiss"]
[EventRounds "11"]
[EventCountry "RUS"]
[SourceTitle "CBM 146 Extra"]
[Source "ChessBase"]
[SourceDate "2012.02.29"]
[SourceVersion "1"]
[SourceVersionDate "2012.02.29"]
[SourceQuality "1"]

1. e4 e5 2. Nf3 Nc6 3. Bb5 a6 4. Ba4 Nf6 5. 0-0 Be7 6. Re1 b5 7. Bb3 0-0 8. c3 d6 9. h3 Na5 10. Bc2 c5 11. d4 Nd7 12. d5 Nb6 13. Nbd2 f5 14. Nf1 f4 15. Bd3 Bd7 16. Be2 Nb7 17. N3d2 a5 18. Bg4 c4 19. Bxd7 Qxd7 20. Qe2 Nc5 21. Kh2 Nd3 22. Rd1 Bh4 23. Nf3 Bxf2 24. Rxd3 Bg3+ 25. Nxg3 fxg3+ 26. Kxg3 cxd3 27. Qxd3 Rac8 28. Ng5 b4 29. cxb4 axb4 30. Bd2 Nc4 31. Bxb4 Nxb2 32. Qa6 Nc4 33. Ne6 Qf7 34. Bxd6 Qf2+ 35. Kh2 Ne3 36. Rg1 Rc1 0-1

[Event "Izhevsk Udmurtia-ch"]
[Site "Izhevsk"]
[Date "2011.12.03"]
[Round "3"]
[White "Shilyaev, Fedor"]
[Black "Kotchnev, Andrey"]
[Result "0-1"]
[WhiteElo "1841"]
[BlackElo "2038"]
[PlyCount "85"]
[EventDate "2011.12.02"]
[EventType "swiss"]
[EventRounds "11"]
[EventCountry "RUS"]
[SourceTitle "CBM 146 Extra"]
[Source "ChessBase"]
[SourceDate "2012.02.29"]
[SourceVersion "1"]
[SourceVersionDate "2012.02.29"]
[SourceQuality "1"]

1. e4 c5 2. Nf3 e6 3. d4 cxd4 4. Nxd4 a6 5. Bd3 Qc7 6. 0-0 Nf6 7. Bg5 d6 8. Nc3 Be7 9. Qe2 0-0 10. Kh1 b5 11. f4 Bb7 12. e5 dxe5 13. fxe5 Nd5 14. Bxe7 Qxe7 15. Ne4 Nc6 16. Nxc6 Bxc6 17. Qg4 Kh8 18. Rae1 Nb4 19. Nd6 Nxd3 20. cxd3 Bd5 21. b3 f6 22. d4 f5 23. Qg3 Ra7 24. Rc1 Rc7 25. Qe3 Rxc1 26. Rxc1 Qh4 27. Kg1 f4 28. Qf2 Qg4 29. h3 Qg6 30. Nc8 f3 31. Ne7 Qg5 32. Rc7 Be4 33. g3 h5 34. Nc8 h4 35. g4 Bh7 36. Nd6 Qf4 37. Qxh4 f2+ 38. Kf1 Qf3 39. Nf5 exf5 40. g5 f4 41. e6 Qg3 42. Qxg3 fxg3 43. Rc3 0-1